Statistics for Alice in Wonderland

Click here to take the quiz!

General Stats

  • This quiz has been taken 296 times
  • The average score is 8 of 15

Answer Stats

HintAnswer% Correct
"Off with his head!"Queen of Hearts
93%
makes headwearMad Hatter
91%
Animal who smilesCheshire Cat
88%
Twin #1Tweedle Dee
81%
Twin #2Tweedle Dum
81%
Loses his pocketwatchWhite Rabbit
80%
Smokes a hookahCaterpillar
62%
Another Mad AnimalMarch Hare
58%
Alice's petDinah
42%
Beware the ________jabberwocky
36%
Who was the first creature Alice met in the water?Mouse
36%
sleepy creaturedoormouse
33%
Could be made into soupMock Turtle
23%
Who was holding the baby?The Duchess
14%
Who stole the tarts?The Knave of Hearts
6%

Score Distribution

Percentile by Number Answered

Percent of People with Each Score

Your Score History

You have not taken this quiz